Conservation farming / (Record no. 18074)
[ view plain ]
| 000 -LEADER | |
|---|---|
| fixed length control field | 00509nam a2200193 4500 |
| 003 - CONTROL NUMBER IDENTIFIER | |
| control field | OSt |
| 008 - FIXED-LENGTH DATA ELEMENTS--GENERAL INFORMATION | |
| fixed length control field | 240226b |||||||| |||| 00| 0 eng d |
| 041 ## - LANGUAGE CODE | |
| Language code of text/sound track or separate title | eng |
| 082 ## - DEWEY DECIMAL CLASSIFICATION NUMBER | |
| Classification number | 631.45 |
| Item number | BAL/CO |
| 245 ## - TITLE STATEMENT | |
| Title | Conservation farming / |
| 260 ## - PUBLICATION, DISTRIBUTION, ETC. (IMPRINT) | |
| Place of publication | New Delhi : |
| Name of publisher | Soil conservation society of India |
| Year of publication | 2009. |
| 300 ## - PHYSICAL DESCRIPTION | |
| Number of Pages | 490 p. |
| 700 ## - ADDED ENTRY--PERSONAL NAME | |
| Personal name | Bhan, Suraj |
| 700 ## - ADDED ENTRY--PERSONAL NAME | |
| Personal name | Karale, R.L. |
| 700 ## - ADDED ENTRY--PERSONAL NAME | |
| Personal name | Singh, Shamsher |
| 700 ## - ADDED ENTRY--PERSONAL NAME | |
| Personal name | Bharti, V.K. |
| 700 ## - ADDED ENTRY--PERSONAL NAME | |
| Personal name | Subramaniyan, S. |
| 942 ## - ADDED ENTRY ELEMENTS (KOHA) | |
| Koha item type | Books |
| Withdrawn status | Lost status | Damaged status | Home library | Current library | Date acquired | Full call number | Accession Number | Koha item type |
|---|---|---|---|---|---|---|---|---|
| KAUAET | KAUAET | 26/02/2024 | 631.45 BAL/CO | G100 | Books |
